| 000 | 00488nam a22001697a 4500 | ||
|---|---|---|---|
| 999 |
_c68531 _d68528 |
||
| 082 | _aR/1EEF-18 | ||
| 100 | _aMuhbat Ali | ||
| 100 | _aRoll No. F-18EE40 | ||
| 100 | _aSupervisor - Dr. Abdul Rehman Jatoi | ||
| 245 | _aPurification of Canal Water using Moring Seeds | ||
| 260 |
_aNawabshah _bQUEST _c2022 |
||
| 300 | _a34p | ||
| 700 | _aDepartment of Energy & Environment | ||
| 700 | _aMariyam (Roll No. F-18EE36) | ||
| 700 | _aZeeshan Dahri (Roll No. F-18EE53) | ||
| 942 | _cTHESIS | ||